Hazbin Hotel Songs by lyrics (Hard) - Statistics

General Stats
  • This quiz has been taken 159 times
  • The average score is 8 of 15
Answer Stats
Hint Answer % Correct
you're in my zoo Don't you forget
96%
Cha Cha Cha. Bad with us
95%
barf and piss and c** Clean it up
79%
I appreciate all that Easy
68%
Cheer up Vaggie. Happy day in hell
65%
Cuz it's great! Hazbin guarantee
62%
What are you doing here? Hear my hope
57%
He would be powerless Stayed gone
50%
Think of who you care Out for love
49%
Uh, sort of. Ready for this
41%
# Respectless
41%
again-/You're living for Losin' streak
33%
And only one star Loser, baby
32%
attention/I should also probably Hell is forever
26%
Except now they're sick Trust us
23%
No matching quizzes found
Score Distribution
Percent of People with Each Score
Percentile by Number Answered
Your Score History
You have not taken this quiz